<?xml version="1.0" encoding="UTF-8"?>
<collection xmlns:xsi="http://www.w3.org/2001/XMLSchema-instance" xsi:schemaLocation="http://www.loc.gov/MARC21/slim http://www.loc.gov/standards/marcxml/schema/MARC21slim.xsd" xmlns="http://www.loc.gov/MARC21/slim">
 <record>
  <leader>00000cam a22000003i 4500</leader>
  <controlfield tag="001">UP-1685594773862138100</controlfield>
  <controlfield tag="003">Buklod</controlfield>
  <controlfield tag="005">20190211140214.0</controlfield>
  <controlfield tag="006">g||| |     ||   ||</controlfield>
  <controlfield tag="007">ta</controlfield>
  <controlfield tag="008">190212s1991    xx      rb   |||| u|eng d</controlfield>
  <datafield tag="020" ind1=" " ind2=" ">
   <subfield code="a">0860915409</subfield>
  </datafield>
  <datafield tag="035" ind1=" " ind2=" ">
   <subfield code="a">(iLib)UPBAG-00032978841</subfield>
  </datafield>
  <datafield tag="040" ind1=" " ind2=" ">
   <subfield code="a">DLC</subfield>
   <subfield code="d">BAG</subfield>
   <subfield code="e">rda</subfield>
  </datafield>
  <datafield tag="041" ind1="0" ind2=" ">
   <subfield code="a">eng</subfield>
  </datafield>
  <datafield tag="090" ind1=" " ind2="0">
   <subfield code="a">HX 44</subfield>
   <subfield code="b">A38 1991</subfield>
  </datafield>
  <datafield tag="245" ind1="0" ind2="0">
   <subfield code="a">After the fall</subfield>
   <subfield code="b">the failure of communism and the future of socialism</subfield>
   <subfield code="c">edited by Robin Blackburn.</subfield>
  </datafield>
  <datafield tag="264" ind1=" " ind2="1">
   <subfield code="a">London</subfield>
   <subfield code="b">Verso</subfield>
   <subfield code="c">1991.</subfield>
  </datafield>
  <datafield tag="300" ind1=" " ind2=" ">
   <subfield code="a">xvi, 327 pages</subfield>
   <subfield code="c">24 cm</subfield>
  </datafield>
  <datafield tag="336" ind1=" " ind2=" ">
   <subfield code="a">text</subfield>
   <subfield code="2">rdacontent</subfield>
  </datafield>
  <datafield tag="337" ind1=" " ind2=" ">
   <subfield code="a">unmediated</subfield>
   <subfield code="2">rdamedia</subfield>
  </datafield>
  <datafield tag="338" ind1=" " ind2=" ">
   <subfield code="a">volume</subfield>
   <subfield code="2">rdacarrier</subfield>
  </datafield>
  <datafield tag="504" ind1=" " ind2=" ">
   <subfield code="a">Includes bibliographical references.</subfield>
  </datafield>
  <datafield tag="505" ind1="0" ind2=" ">
   <subfield code="a">The upturned utopia / Norberto Bobbio -- Reflections on the crisis of Communist regimes / Ralph Miliband -- Ways of walking : a postscript to utopia / Hans Magnus Enzensberger -- What does socialism mean today? The revolutions of recuperation and the need for new thinking / Jürgen Habermas -- ̀The woman question' in the age of perestroika / Maxine Molyneux -- The ends of Cold War / Fred Halliday. The ends of Cold War : a rejoiner / Edward Thompson -- A reply to Edward Thompson / Fred Halliday -- Goodbye to all that / Eric Hobsbawm -- Marxist century, American century / Giovanni Arrighi -- Radical as reality / Alexander Cockburn -- Fin de siècle : socialism after the crash / Robin Blackburn -- À child lost in the storm' / Eduardo Galeano -- Conversations on the New World Order / Fredric Jameson -- The intellectuals in power? / Iván Szélenyi -- Whose left? : socialism, feminism and the future / Lynne Segal -- The new agenda / André Gorz. Vorsprung durch rethink / Göran Therborn -- The economics of a socialized market / Diane Elson -- Out of the ashes / Eric Hobsbawm.</subfield>
  </datafield>
  <datafield tag="650" ind1=" " ind2="0">
   <subfield code="a">Communism.</subfield>
  </datafield>
  <datafield tag="650" ind1=" " ind2="0">
   <subfield code="a">Socialism.</subfield>
  </datafield>
  <datafield tag="650" ind1=" " ind2="0">
   <subfield code="a">Communism</subfield>
   <subfield code="z">Europe, Eastern.</subfield>
  </datafield>
  <datafield tag="651" ind1=" " ind2="0">
   <subfield code="a">Europe, Eastern</subfield>
   <subfield code="x">Politics and government</subfield>
   <subfield code="y">1989- .</subfield>
  </datafield>
  <datafield tag="700" ind1="1" ind2=" ">
   <subfield code="a">Blackburn, Robin</subfield>
   <subfield code="d">1940-</subfield>
   <subfield code="e">editor.</subfield>
  </datafield>
  <datafield tag="905" ind1=" " ind2=" ">
   <subfield code="a">FO</subfield>
  </datafield>
  <datafield tag="852" ind1="0" ind2=" ">
   <subfield code="a">UPBAG</subfield>
   <subfield code="b">UPBAG-MAIN</subfield>
   <subfield code="h">HX 44 A38 1991</subfield>
  </datafield>
  <datafield tag="942" ind1=" " ind2=" ">
   <subfield code="a">Book</subfield>
  </datafield>
 </record>
</collection>
